Missing Word: Jesse Eisenberg Movies Quiz Stats

 Plays Quiz Updated Oct 16, 2019

Score 0/16 Timer 03:00
0 Plays Today
Jesse Eisenberg Movie Missing Word % Correct
Batman v ____: Dawn of JusticeSuperman
92.1%
The ____ NetworkSocial
91%
Now You ____ MeSee
90.5%
Zombieland: ____ TapDouble
68.4%
Justice ____League
68.4%
30 ____ Or LessMinutes
60.8%
The ____ of the TourEnd
32.1%
____ UltraAmerican
31.6%
Jesse Eisenberg Movie Missing Word % Correct
The ____ and the WhaleSquid
29.6%
Café ____Society
21.1%
Why ____ NowStop
20.7%
The Hummingbird ____Project
15.8%
To ____ With LoveRome
13.3%
The ____ of Charlie BanksEducation
10.3%
He's Way More ____ Than YouFamous
7.7%
The ____ PartyHunting
6.6%

Today's Daily Dose

You're not logged in!

Compare scores with friends on all Sporcle quizzes.
OR
Log In

Sporcle TV

Today on Sporcle TV


Watch our educational content, quiz creation guides, and fun videos on Sporcle TV.

Show Comments

Extras

Top Quizzes Today


Score Distribution

Your Account Isn't Verified!

In order to create a playlist on Sporcle, you need to verify the email address you used during registration. Go to your Sporcle Settings to finish the process.

Report this User

Report this user for behavior that violates our Community Guidelines.

Details: